000 00609 a2200181 4500
001 068347
003 OSt
005 20220216143157.0
008
082 _a515.353
_bT89I
100 1 _aTveito, Aslak
245 1 _aIntroduction to partial differential equations
_cby Aslak Tveito and Ragnar Winther
260 _aNew York
_bSpringer
_c2010
300 _a392p.
653 _aDifferential equations, Partial; Computer science; Global analysis (Mathematics); Mathematics; Mathematical physics; Numerical analysis; Physics
700 _aWinther, Ragnar
942 _2ddc
_cBK
999 _c2030
_d2030